Logo BPK

Biblioteka

Politechniki Koszalińskiej

Sztuka XIX wieku / (Rekord nr 53766)

Szczegóły MARC
000 -ETYKIETA REKORDU
podpole kontrolne o stałej długości 00694nam a2200241 i 4500
001 - NUMER KONTROLNY REKORDU
pole kontrolne bg
020 ## - MIĘDZYNARODOWY ZNORMALIZOWANY NUMER KSIĄŻKI - ISBN
ISBN 9788360688236
040 ## - ŹRÓDŁO KATALOGOWANIA
Instytucja, która utworzyła rekord BPK
041 1# - KOD JĘZYKA
Kod języka tekstu pol
Kod języka oryginału fre
080 ## - UNIWERSALNA KLASYFIKACJA DZIESIĘTNA - UKD
UKD 7.035"19"
920 ## - Międzynarodowy znormalizowany numer książki – ISBN
ISBN 978-83-60688-23-6
008 - POLE O STAŁEJ DŁUGOŚCI - DANE KONTROLNE
podpole kontrolne o stałej długości s pl f |000 0 pol
100 1# - NAZWA OSOBOWA
Nazwa osobowa Tuffelli, Nicole
245 0# - TYTUŁ/ODPOWIEDZIALNOŚĆ
Tytuł Sztuka XIX wieku /
Pozostałe elementy strefy tytułu i oznaczenia odpowiedzialności Nicole Tuffelli ; [tł. Wojciech Gilewski].
260 ## - STREFA ADRESU WYDAWNICZEGO
Miejsce wydania Warszawa :
Nazwa wydawcy/dystrybutora Rzeczpospolita ;
-- HPS,
Data publikacji, dystrybucji/powstania dokumentu cop. 2007.
300 ## - STREFA OPISU FIZYCZNEGO
Objętość 143 s. :
Inne cechy fizyczne il. ;
Rozmiary 26 cm.
490 1# - STREFA SERII I DOKUMENTU WIELOCZĘŚCIOWEGO - FORMA NIE DO WYSZUKIWANIA
Tytuł i oznaczenie odpowiedzialności serii Klasycy Sztuki ;
Numeracja w obrębie serii 49
534 ## - UWAGA DOTYCZĄCA PODSTAWY REPRODUKCJI (WERSJI ORYGINALNEJ)
Zwrot wprowadzający Tyt. oryg. :
Tytuł oryginału L'Art au XIX siécle.
650 #0 - HASŁO PRZEDMIOTOWE W FORMIE NAZWY OGÓLNEJ LUB JEDNOSTKOWEJ
Nazwa ogólna lub geograficzna Sztuka
Określnik ogólny historia
Określnik chronologiczny 19 w.
700 19 - HASŁO DODATKOWE - NAZWA OSOBOWA
Nazwa osobowa Waleńczak, Igor
Określenie związku między hasłem a opisywanym materiałem Tł.
830 ## - HASŁO DODATKOWE SERII LUB DOKUMENTU WIELOCZĘŚCIOWEGO - TYTUŁ UJEDNOLICONY
Tytuł ujednolicony Klasycy Sztuki ;
942 ## - DODATKOWE ELEMENTY (KOHA)
Typ dokumentu Książka
Egzemplarze
Wycofany Status egzemplarza Uszkodzony Dostępność Lokalizacja stała Lokalizacja bieżąca Miejsce przechowywania Sygnatura Kod kreskowy Dział Typ dokumentu
      Tylko na miejscu Czytelnia Wydziału Elektroniki i Informatyki, Wydziału Architektury i Wzornictwa, Wydziału Inżynierii Mechanicznej i Energetyki oraz Wydziału Inżynierii Lądowej, Środowiska i Geodezji Czytelnia Wydziału Elektroniki i Informatyki, Wydziału Architektury i Wzornictwa, Wydziału Inżynierii Mechanicznej i Energetyki oraz Wydziału Inżynierii Lądowej, Środowiska i Geodezji Czytelnia Wydziałowa ul. Śniadeckich 2 84566 02373621 7.03(091) Historia sztuki Książka
© 2023 Biblioteka Politechniki Koszalińskiej :: KOHA